La Contribución de la ciencia y la tecnología al desarrollo en Centroamérica /
Furkejuvvon:
| Váldodahkki: | |
|---|---|
| Materiálatiipa: | Texto |
| Fáddágilkorat: |
Lasit fáddágilkoriid
Eai fáddágilkorat, Lasit vuosttaš fáddágilkora!
|
MARC
| LEADER | 00000 a a2200000 04500 | ||
|---|---|---|---|
| 001 | 14346 | ||
| 003 | |||
| 040 | |||
| 100 | |a Morales Juárez, Roberto | ||
| 245 | |a La Contribución de la ciencia y la tecnología al desarrollo en Centroamérica / |c Roberto Morales Juárez | ||
| 773 | |g número 2; páginas 55-61 | ||
| 999 | |c 37094 |d 37094 | ||
